Pakistan's foreign policy (Record no. 16950)
[ view plain ]
| 000 -LEADER | |
|---|---|
| fixed length control field | 00288nam a22001097a 4500 |
| 008 - FIXED-LENGTH DATA ELEMENTS--GENERAL INFORMATION | |
| fixed length control field | 140207t xxu||||| |||| 00| 0 eng d |
| 020 ## - INTERNATIONAL STANDARD BOOK NUMBER | |
| International Standard Book Number | 978-0-19-579801-2 |
| 100 ## - MAIN ENTRY--PERSONAL NAME | |
| Personal name | Shahid M. Amin |
| 9 (RLIN) | 691 |
| 245 ## - TITLE STATEMENT | |
| Title | Pakistan's foreign policy |
| Remainder of title | A reappraisal |
| 300 ## - PHYSICAL DESCRIPTION | |
| Extent | 356 p. ; |
| Other physical details | 22 cm. |
| 942 ## - ADDED ENTRY ELEMENTS (KOHA) | |
| Source of classification or shelving scheme | |
| Koha item type | Book |
| Withdrawn status | Lost status | Source of classification or shelving scheme | Damaged status | Not for loan | Collection code | Permanent Location | Current Location | Date acquired | Total Checkouts | Full call number | Barcode | Date last seen | Price effective from | Koha item type |
|---|---|---|---|---|---|---|---|---|---|---|---|---|---|---|
| Atta-ur-Rahman School of Applied Biosciences (ASAB) | Atta-ur-Rahman School of Applied Biosciences (ASAB) | 02/11/2014 | 327.54 AMI | ASAB283 | 10/14/2015 | 02/11/2014 | Book | |||||||
| Atta-ur-Rahman School of Applied Biosciences (ASAB) | Atta-ur-Rahman School of Applied Biosciences (ASAB) | 02/11/2014 | 327.54 AMI | ASAB282 | 01/25/2016 | 02/11/2014 | Book |
